MECHANICAL DESIGN FOR ELECTRONIC PRODUCTION (Record no. 582464)

000 -LEADER
fixed length control field 00270nam a22001097a 4500
082 ## - DEWEY DECIMAL CLASSIFICATION NUMBER
Classification number 620.0042 CAR'M
100 ## - MAIN ENTRY--PERSONAL NAME
Personal name CARROLLEL, J. M
9 (RLIN) 77139
245 ## - TITLE STATEMENT
Title MECHANICAL DESIGN FOR ELECTRONIC PRODUCTION
260 ## - PUBLICATION, DISTRIBUTION, ETC.
Place of publication, distribution, etc. NEWYORK
Name of publisher, distributor, etc. MCGRAW HILL
Date of publication, distribution, etc. 1956
300 ## - PHYSICAL DESCRIPTION
Extent 348P
942 ## - ADDED ENTRY ELEMENTS (KOHA)
Koha item type Book
Holdings
Withdrawn status Lost status Source of classification or shelving scheme Damaged status Not for loan Permanent Location Current Location Shelving location Date acquired Full call number Barcode Date last seen Price effective from Koha item type Public note Total Checkouts
          College of Electrical & Mechanical Engineering (CEME) College of Electrical & Mechanical Engineering (CEME) General Stacks 06/06/2017 620.0042 CAR'M CEME-10337 06/28/2021 06/28/2021 Book 4.1  
          College of Electrical & Mechanical Engineering (CEME) College of Electrical & Mechanical Engineering (CEME) General Stacks 01/19/2026 620.0042 CAR'M CEME-10340 01/19/2026 01/19/2026 Book 4.1  
          College of Electrical & Mechanical Engineering (CEME) College of Electrical & Mechanical Engineering (CEME) General Stacks 01/19/2026 620.0042 CAR'M CEME-10338 01/19/2026 01/19/2026 Book 4.1  
© 2023 Central Library, National University of Sciences and Technology. All Rights Reserved.